MLB HALL OF FAMERS QUIZ - Statistics

General Stats
  • This quiz has been taken 40 times
  • The average score is 9 of 10
Answer Stats
Question Answer % Correct
DEREK JETER
100%
CHIPPER JONES
100%
STAN MUSIAL
100%
BABE RUTH
100%
ERNIE BANKS
93%
ADRIAN BELTRE
93%
DON SUTTON
87%
AL SIMMONS
73%
TONY OLIVA
67%
HOME RUN BAKER
53%
No matching quizzes found
Score Distribution
Percent of People with Each Score
Percentile by Number Answered
Your Score History
You have not taken this quiz